Learning Resource and Development

Timawa : (Record no. 12629)

MARC details
000 -LEADER
fixed length control field 00718nam a22002537a 4500
005 - DATE AND TIME OF LATEST TRANSACTION
control field 20230512223929.0
008 - FIXED-LENGTH DATA ELEMENTS--GENERAL INFORMATION
fixed length control field 221006t xxu||||| |||| 00| 0 eng d
020 ## - INTERNATIONAL STANDARD BOOK NUMBER
International Standard Book Number 9789715500098
040 ## - CATALOGING SOURCE
Transcribing agency CSPC
050 0# - LIBRARY OF CONGRESS CALL NUMBER
Classification number PL6058.4
082 0# - DEWEY DECIMAL CLASSIFICATION NUMBER
Item number F112t
100 ## - MAIN ENTRY--PERSONAL NAME
Personal name Fabian, A.C.,
Relator term author.
245 00 - TITLE STATEMENT
Title Timawa :
Remainder of title isang nobela /
Statement of responsibility, etc. A.C. Fabian.
260 ## - PUBLICATION, DISTRIBUTION, ETC.
Place of publication, distribution, etc. Quezon City :
Name of publisher, distributor, etc. Ateneo de Manila University Press,
Date of publication, distribution, etc. 1990.
300 ## - PHYSICAL DESCRIPTION
Extent xix, 276 pages :
Dimensions 18 cm.
336 ## - CONTENT TYPE
Source rdacontent
Content type term text
337 ## - MEDIA TYPE
Source rdamedia
Media type term unmediated
338 ## - CARRIER TYPE
Source rdacarrier
Carrier type term volume
650 10 - SUBJECT ADDED ENTRY--TOPICAL TERM
Topical term or geographic name entry element Filipino fiction.
940 ## - EQUIVALENCE OR CROSS-REFERENCE--UNIFORM TITLE [OBSOLETE] [CAN/MARC only]
Uniform title <a href="mae">mae</a>
942 ## - ADDED ENTRY ELEMENTS (KOHA)
Koha item type
-- FIC F112t 1990
Holdings
Withdrawn status Lost status Damaged status Not for loan Home library Current library Shelving location Date acquired Total Checkouts Full call number Barcode Date last seen Date last checked out Copy number Price effective from Koha item type
        Main Library Main Library Fiction Section 05/12/2023 1 FIC F112t 1990 024715 09/27/2023 08/26/2023 1-1 05/12/2023 Books